Quadern de català
Publicado:
Barcelona :
Diputació de Barcelona. Àrea d'Educació. Gerència de serveis d'Educació ,
2009
Descripción Física:
47 p. ; 30 cm
Materias:
Català -- Problemes, exercicis, etc.
MARC
| LEADER | 00000nam a2200000Ia 4500 | ||
|---|---|---|---|
| 001 | 21883 | ||
| 008 | 160829s2009 xx 000 0 cat d | ||
| 080 | |a FU-46-17 | ||
| 245 | |a Quadern de català | ||
| 260 | |a Barcelona : |b Diputació de Barcelona. Àrea d'Educació. Gerència de serveis d'Educació, |c 2009 | ||
| 300 | |a 47 p. ; |c 30 cm | ||
| 590 | |a Preparació per a la prova d'accés als cicles superiors | ||
| 650 | |a Català |x Problemes, exercicis, etc. |9 46153 | ||
| 710 | |a Barcelona (Catalunya : Província). |b Gerència de Serveis d'Educació |9 52167 | ||
| 866 | |a Curs: 2009 - 2010 | ||
| 901 | |a Arxiu | ||
| 942 | |n 1 | ||
| 952 | |0 0 |1 0 |4 0 |6 FU4617 |7 1 |9 53037 |a Arxiu |b Arxiu |d 2016-12-01 |l 0 |o FU-46-17 |p 21883 |r 2016-12-01 00:00:00 |w 2016-12-01 |y ARXIU | ||
| 999 | |c 56886 |d 56886 | ||